Dokończ zdanie - wiedza ogólna ABCD #3 - Statystyki

Ogólne statystyki
  • Ten quiz został rozwiązany 38 razy
  • Średni wynik to 12 z 15
Statystyki odpowiedzi
Zagadnienie Odpowiedź % Poprawnych
Oscypek to rodzaj : Sera
100%
Rudolf to: Renifer
97%
Największe państwo pod względem powierzchni to: Rosja
97%
Meczet jest charakterystyczny dla religii: Islamskiej
94%
Złota Piłka jest przyznawana : Piłkarzom
94%
Ornitolog zajmuje się: naukowym badaniem ptaków
91%
Okinawa to wyspa w : Japonii
88%
Muhammad Ali był: Bokserem
85%
Miami to miasto w USA w stanie: Floryda
85%
Pitaja to nazwa: Egzotycznego Owocu
82%
POLREGIO to: przewoźnik kolejowy
82%
Pennywise to postać z horroru o nazwie: To (2017)
67%
Stephen Curry to sportowiec znany z dyscypliny o nazwie: Koszykówka
58%
Rymarz to zawód zajmujący się: wytwarzaniem uprzęży konnych i akcesorii jeździeckich
42%
I bitwa pod Marną odbyła się pomiędzy wojskami: francusko-brytyjskimi a niemieckimi
36%
Nie znaleziono quizów pasujących do podanych kryteriów
Rozkład punktacji
Procent ludzi z każdym wynikiem
Percentyl według liczby udzielonych odpowiedzi
Twoja historia wyników
Nie rozwiązałeś tego quizu